Educación y trabajo: aprendizajes de la "última generación" de proyectos y políticas en América Latina /

Gardado en:
Detalles Bibliográficos
Autor Principal: Lasida, Javier
Formato: Texto
Materias:
Etiquetas: Engadir etiqueta
Sen Etiquetas, Sexa o primeiro en etiquetar este rexistro!

MARC

LEADER 00000 a a2200000 04500
001 9501
003
040
100 |a Lasida, Javier  
245 |a Educación y trabajo:   |b aprendizajes de la "última generación" de proyectos y políticas en América Latina /  |c Javier Lasida  
650 |a JUVENTUD  
650 |a ADOLESCENCIA  
650 |a TRABAJO  
650 |a MERCADO DE TRABAJO  
650 |a EDUCACION  
650 |a PROGRAMAS DE CAPACITACION  
650 |a POLITICA SOCIAL  
650 |a POLITICA EDUCATIVA  
773 |g número 1; páginas 83-101  
999 |c 20095  |d 20095